[Event "Madrid ch 2016/2017 - Previa B"]
[Site "Madrid ESP"]
[Date "2017.02.24"]
[Round "8.18"]
[White "Olmos Rodriguez, Arcadio"]
[Black "Perdiguero Herreros, Alejandro"]
[Result "0-1"]
[WhiteElo "1480"]
[BlackElo "1409"]
[PlyCount "104"]
[EventDate "2017.02.02"]
[EventType "swiss"]
[EventRounds "9"]
[EventCountry "ESP"]
[SourceTitle "Ajedrez en Madrid"]
[Source "lmi"]
[SourceDate "2017.02.02"]

1. d4 d5 2. e4 dxe4 3. Nc3 Nf6 4. f3 exf3 5. Nxf3 e6 6. Bg5 h6 7. Bxf6 Qxf6 8.
Bb5+ Bd7 9. O-O Bd6 10. Ne5 Qe7 11. Rxf7 Qxf7 12. Nxf7 Kxf7 13. Qf3+ Ke7 14.
Qxb7 Bxb5 15. Qxa8 Bc6 16. Qxa7 Nd7 17. d5 Bc5+ 18. Qxc5+ Nxc5 19. dxc6 Rb8 20.
b3 Rb6 21. Re1 Rxc6 22. a4 Nd3 23. cxd3 Rxc3 24. b4 Rb3 25. b5 Rxd3 26. Rc1 Kd6
27. Rc6+ Kd7 28. Ra6 Rb3 29. Ra8 Ra3 30. Ra7 Rb3 31. Rb7 Kc8 32. Ra7 Rb4 33.
Ra8+ Kd7 34. a5 Rxb5 35. a6 Ra5 36. a7 Kc6 37. Rg8 Rxa7 38. Rxg7 Kd5 39. Rh7 e5
40. Rxh6 c5 41. Rh3 e4 42. g4 Rg7 43. Rg3 Kd4 44. Kf2 c4 45. Ke2 Ra7 46. h4
Ra2+ 47. Kd1 e3 48. Ke1 Kd3 49. Kf1 c3 50. Rg1 Ra1+ 51. Kg2 Rxg1+ 52. Kxg1 c2
0-1

[Event "Madrid ch 2016/2017 - Previa B"]
[Site "Madrid ESP"]
[Date "2017.02.25"]
[Round "9.1"]
[White "Barragan Arriaza, Pablo"]
[Black "Vazquez Gonzalez, Jesus"]
[Result "1/2-1/2"]
[WhiteElo "1813"]
[BlackElo "1911"]
[PlyCount "76"]
[EventDate "2017.02.02"]
[EventType "swiss"]
[EventRounds "9"]
[EventCountry "ESP"]
[SourceTitle "Ajedrez en Madrid"]
[Source "lmi"]
[SourceDate "2017.02.02"]

1. c4 e5 2. g3 Nc6 3. Bg2 g6 4. Nc3 Bg7 5. d3 d6 6. e3 f5 7. Nge2 Nf6 8. O-O
O-O 9. Rb1 h6 10. b4 g5 11. b5 Ne7 12. f4 Ng6 13. Nd5 Nd7 14. Bb2 Rf7 15. Qc2
a6 16. a4 Nc5 17. Ra1 Ne6 18. bxa6 Rxa6 19. a5 c6 20. Nb6 exf4 21. Bxg7 Rxg7
22. Nxc8 Qxc8 23. exf4 gxf4 24. Nxf4 Ngxf4 25. gxf4 Qd8 26. Qd2 Qf6 27. Rae1
Qd4+ 28. Kh1 Nc5 29. Re8+ Kh7 30. Bh3 Qf6 31. Rfe1 Nb3 32. Qe3 Rxa5 33. Re6 Qd4
34. Qxd4 Nxd4 35. Rxd6 Nf3 36. Rf1 Nh4 37. Re1 Nf3 38. Rf1 Nh4 1/2-1/2

[Event "Madrid ch 2016/2017 - Previa B"]
[Site "Madrid ESP"]
[Date "2017.02.25"]
[Round "9.2"]
[White "Vazquez Gonzalez, Francisco"]
[Black "Marin Aso, Jose Luis"]
[Result "1-0"]
[WhiteElo "1943"]
[BlackElo "1882"]
[PlyCount "77"]
[EventDate "2017.02.02"]
[EventType "swiss"]
[EventRounds "9"]
[EventCountry "ESP"]
[SourceTitle "Ajedrez en Madrid"]
[Source "lmi"]
[SourceDate "2017.02.02"]

1. e4 c5 2. Nc3 e6 3. a3 a6 4. Nf3 Nc6 5. d4 cxd4 6. Nxd4 Qc7 7. Be3 Nf6 8. Be2
Be7 9. O-O b5 10. f4 Bb7 11. e5 Nxd4 12. Qxd4 Nd5 13. Nxd5 Bxd5 14. Rac1 Rc8
15. b4 Qc6 16. Rf2 Qc3 17. Qd3 O-O 18. Bd2 Qc6 19. Qg3 g6 20. Bd3 Be4 21. Qe3
Bf5 22. Rff1 Bd8 23. Qe2 Bb6+ 24. Kh1 d5 25. Bxf5 exf5 26. Rf3 Qc4 27. Rd3 Rc6
28. Qe1 Rfc8 29. Rh3 Bd8 30. Qf2 Qe4 31. c3 Qc4 32. Be3 Be7 33. Bd4 Re6 34. Rg1
h5 35. Rb1 Kg7 36. Re3 Qc6 37. h3 Qd7 38. Qe2 Rec6 39. e6+ 1-0

[Event "Madrid ch 2016/2017 - Previa B"]
[Site "Madrid ESP"]
[Date "2017.02.25"]
[Round "9.3"]
[White "Garcia Prados, David"]
[Black "Morera Rodriguez, Ignacio"]
[Result "1/2-1/2"]
[WhiteElo "1928"]
[BlackElo "1972"]
[PlyCount "85"]
[EventDate "2017.02.02"]
[EventType "swiss"]
[EventRounds "9"]
[EventCountry "ESP"]
[SourceTitle "Ajedrez en Madrid"]
[Source "lmi"]
[SourceDate "2017.02.02"]

1. e4 e5 2. Nf3 Nc6 3. Bb5 Bc5 4. O-O Qf6 5. d3 Nge7 6. Nc3 a6 7. Ba4 b5 8. Bb3
Bb7 9. Nd5 Nxd5 10. exd5 Nd4 11. Nxe5 O-O-O 12. Ng4 Qg6 13. Be3 Nxb3 14. axb3
Bd6 15. f4 h5 16. Ne5 Bxe5 17. fxe5 Bxd5 18. Rf2 Bb7 19. Qf1 d6 20. Rxf7 Bxg2
21. Qf5+ Qxf5 22. Rxf5 Bh3 23. Rg5 Kb7 24. exd6 Rxd6 25. Rxg7 Rdd8 26. Rg3 Rhg8
27. Kf2 Rdf8+ 28. Ke2 Rxg3 29. hxg3 Bg4+ 30. Kd2 Rf3 31. Rg1 Kc6 32. b4 Kd5 33.
Bg5 Rf2+ 34. Kc3 Kc6 35. Bh4 Kb7 36. Re1 Kc6 37. Re5 Rf5 38. Rxf5 Bxf5 39. Kd4
Bg4 40. c4 Be2 41. Bg5 Bf1 42. Bf4 Be2 43. Ke3 1/2-1/2

[Event "Madrid ch 2016/2017 - Previa B"]
[Site "Madrid ESP"]
[Date "2017.02.25"]
[Round "9.4"]
[White "Tarrio Ocaña, Jose Manuel"]
[Black "Ocaña Lameiro, Oliver"]
[Result "1/2-1/2"]
[WhiteElo "1785"]
[BlackElo "1982"]
[PlyCount "76"]
[EventDate "2017.02.02"]
[EventType "swiss"]
[EventRounds "9"]
[EventCountry "ESP"]
[SourceTitle "Ajedrez en Madrid"]
[Source "lmi"]
[SourceDate "2017.02.02"]

1. e4 c6 2. d4 d5 3. exd5 cxd5 4. Bf4 Nc6 5. Nf3 Nf6 6. c3 g6 7. Bd3 Bg7 8. h3
O-O 9. O-O Qb6 10. Qc2 Ne4 11. Nbd2 f5 12. Qb3 Qxb3 13. Nxb3 Bd7 14. Nfd2 e5
15. dxe5 Nxe5 16. Be2 Nxd2 17. Nxd2 Rfe8 18. Rfe1 Bc6 19. Rad1 h6 20. Be3 b5
21. Bd4 Nc4 22. Bxg7 Kxg7 23. b3 Nd6 24. c4 bxc4 25. bxc4 dxc4 26. Nxc4 Ne4 27.
Nd6 Nxd6 28. Rxd6 Bb5 29. Rd2 Re7 30. f3 Rae8 31. Kf2 Bxe2 32. Rdxe2 Rxe2+ 33.
Rxe2 Ra8 34. Re7+ Kf6 35. Rc7 h5 36. h4 a5 37. Rc6+ Kf7 38. Rc7+ Kf6 1/2-1/2

[Event "Madrid ch 2016/2017 - Previa B"]
[Site "Madrid ESP"]
[Date "2017.02.25"]
[Round "9.5"]
[White "Molina Garcia, Francisco J"]
[Black "Ingunza Curro, Andres"]
[Result "1/2-1/2"]
[WhiteElo "1965"]
[BlackElo "1670"]
[PlyCount "73"]
[EventDate "2017.02.02"]
[EventType "swiss"]
[EventRounds "9"]
[EventCountry "ESP"]
[SourceTitle "Ajedrez en Madrid"]
[Source "lmi"]
[SourceDate "2017.02.02"]

1. e4 c5 2. Nf3 d6 3. d4 cxd4 4. Nxd4 Nf6 5. Nc3 g6 6. Be3 Bg7 7. f3 O-O 8. Qd2
Nc6 9. Bc4 Bd7 10. O-O-O Rc8 11. Bb3 Ne5 12. h4 h5 13. Bg5 Rc5 14. Rhe1 b5 15.
g4 Nc4 16. Bxc4 bxc4 17. gxh5 Nxh5 18. Nd5 f6 19. Bh6 Rf7 20. Rg1 Kh7 21. Bxg7
Rxg7 22. Ne2 Bc6 23. Nec3 Qe8 24. Nf4 Nxf4 25. Qxf4 a5 26. Qe3 a4 27. a3 Qf7
28. Qd4 Rh5 29. Qf2 Rg8 30. Rg4 g5 31. hxg5 fxg5 32. Nd5 Bd7 33. Rg2 Rg6 34.
Rh2 Rgh6 35. Rdh1 Rxh2 36. Rxh2 Rxh2 37. Qxh2+ 1/2-1/2

[Event "Madrid ch 2016/2017 - Previa B"]
[Site "Madrid ESP"]
[Date "2017.02.25"]
[Round "9.6"]
[White "Anton Quevedo, Andrea"]
[Black "Del Noval Nemeshazi, Nesztor"]
[Result "1/2-1/2"]
[WhiteElo "1922"]
[BlackElo "1878"]
[PlyCount "120"]
[EventDate "2017.02.02"]
[EventType "swiss"]
[EventRounds "9"]
[EventCountry "ESP"]
[SourceTitle "Ajedrez en Madrid"]
[Source "lmi"]
[SourceDate "2017.02.02"]

1. e4 c5 2. d4 cxd4 3. c3 Nf6 4. e5 Nd5 5. cxd4 d6 6. Nf3 e6 7. Bc4 Nc6 8. O-O
Be7 9. Bd2 dxe5 10. dxe5 Nb6 11. Bb3 Qc7 12. Qe2 O-O 13. Nc3 Rd8 14. Rfd1 Bd7
15. Qe4 Be8 16. Rac1 a6 17. Ne2 Nd7 18. Bf4 Nc5 19. Qe3 Nxb3 20. Qxb3 Rxd1+ 21.
Qxd1 Rd8 22. Qc2 Qa5 23. a3 g6 24. h3 Qb5 25. Nc3 Qd3 26. Qb3 b5 27. Rd1 Qc4
28. Qxc4 Rxd1+ 29. Nxd1 bxc4 30. Bd2 Bc5 31. Ne3 Bxe3 32. Bxe3 Kf8 33. Bc5+ Kg7
34. Kf1 f6 35. exf6+ Kxf6 36. Ke2 Na5 37. Ke3 Bc6 38. Bb6 Nb3 39. Bd8+ Kg7 40.
g4 Bd5 41. Ne5 h6 42. Be7 g5 43. h4 gxh4 44. Bxh4 Nc5 45. Kd4 Nd3 46. Nxc4 Ne1
47. Ne5 Nf3+ 48. Nxf3 Bxf3 49. g5 h5 50. Ke5 Bd5 51. b4 Bb3 52. Kd4 Kg6 53. Kc5
Kf5 54. b5 axb5 55. Kxb5 Kg4 56. Bg3 Kxg5 57. Kc5 Kg4 58. Kd6 h4 59. Be5 Kf3
60. a4 Bxa4 1/2-1/2

[Event "Madrid ch 2016/2017 - Previa B"]
[Site "Madrid ESP"]
[Date "2017.02.25"]
[Round "9.7"]
[White "Cuellar Gutierrez, Raul"]
[Black "Garcia Serrano, Jose M"]
[Result "0-1"]
[WhiteElo "1835"]
[BlackElo "1859"]
[PlyCount "98"]
[EventDate "2017.02.02"]
[EventType "swiss"]
[EventRounds "9"]
[EventCountry "ESP"]
[SourceTitle "Ajedrez en Madrid"]
[Source "lmi"]
[SourceDate "2017.02.02"]

1. e4 e5 2. Nf3 Nc6 3. Bc4 Nf6 4. Ng5 d5 5. exd5 Na5 6. Bb5+ c6 7. dxc6 bxc6 8.
Bd3 Be7 9. O-O O-O 10. Nc3 h6 11. Nf3 Bd6 12. Re1 Re8 13. Be4 Nxe4 14. Nxe4 Bc7
15. d3 f5 16. Ned2 e4 17. dxe4 fxe4 18. Qe2 Bf5 19. b4 exf3 20. Qxe8+ Qxe8 21.
Rxe8+ Rxe8 22. Bb2 Nb7 23. Nxf3 Bxc2 24. Bd4 Bb6 25. Rc1 Be4 26. Bxb6 axb6 27.
Nd4 Rd8 28. Ne2 Rd2 29. Ng3 Bd5 30. a4 Ra2 31. a5 bxa5 32. bxa5 Nxa5 33. Nf5
Nb3 34. Re1 Ra1 35. Rxa1 Nxa1 36. f4 Nb3 37. Kf2 Kf7 38. g4 Nc5 39. h4 Kf6 40.
Ke3 h5 41. Ng3 hxg4 42. Nh5+ Kf7 43. Ng3 Ne4 44. Ne2 g3 45. Kd4 g2 46. Ke3 Ng3
47. Ng1 Nf5+ 48. Kf2 Nxh4 49. Nh3 Kf6 0-1

[Event "Madrid ch 2016/2017 - Previa B"]
[Site "Madrid ESP"]
[Date "2017.02.25"]
[Round "9.8"]
[White "Peña Marina, Jose Maria"]
[Black "Baeza Escudero, Javier"]
[Result "0-1"]
[WhiteElo "1762"]
[BlackElo "1821"]
[PlyCount "132"]
[EventDate "2017.02.02"]
[EventType "swiss"]
[EventRounds "9"]
[EventCountry "ESP"]
[SourceTitle "Ajedrez en Madrid"]
[Source "lmi"]
[SourceDate "2017.02.02"]

1. c4 Nf6 2. Nc3 g6 3. g3 Bg7 4. Bg2 O-O 5. Nf3 d6 6. d4 Nbd7 7. O-O e5 8. e3
c6 9. b3 e4 10. Nd2 d5 11. cxd5 cxd5 12. Bb2 Nb8 13. Rc1 Nc6 14. a3 Re8 15. Re1
Bg4 16. f3 exf3 17. Bxf3 Bxf3 18. Qxf3 Qd7 19. b4 Re7 20. Re2 Rae8 21. Rce1 Nd8
22. e4 dxe4 23. Ncxe4 Nxe4 24. Rxe4 Ne6 25. Qf2 f5 26. R4e2 Ng5 27. Rxe7 Rxe7
28. Rxe7 Qxe7 29. Kg2 Qe6 30. h4 Qd5+ 31. Kh2 Ne6 32. Nf3 f4 33. Ne5 fxg3+ 34.
Qxg3 Nxd4 35. Bxd4 Qxd4 36. Nf3 Qb2+ 37. Kh1 Qxa3 38. Qb8+ Bf8 39. Qxb7 Qe3 40.
Qd5+ Kh8 41. b5 Qc1+ 42. Kg2 Qc5 43. Qd7 Qe7 44. Qd5 h6 45. Qe5+ Kh7 46. Qd5
Bg7 47. Qd3 Qc5 48. Kh3 Qf5+ 49. Qxf5 gxf5 50. Kg3 Kg6 51. Kf4 Bc3 52. h5+ Kf6
53. Ke3 Ba5 54. Kd4 Ke6 55. Kc5 Bb6+ 56. Kc4 f4 57. Kd3 Kf5 58. Nh4+ Kg5 59.
Nf3+ Kxh5 60. Ke4 Kg4 61. Nh2+ Kg3 62. Nf1+ Kg2 63. Nd2 Be3 64. Nf3 Kg3 65. Ne5
h5 66. Ng6 h4 0-1

[Event "Madrid ch 2016/2017 - Previa B"]
[Site "Madrid ESP"]
[Date "2017.02.25"]
[Round "9.9"]
[White "Leniz Martinez, Francisco"]
[Black "Alameda Arellano, Cristeto"]
[Result "1-0"]
[WhiteElo "1721"]
[BlackElo "1507"]
[PlyCount "129"]
[EventDate "2017.02.02"]
[EventType "swiss"]
[EventRounds "9"]
[EventCountry "ESP"]
[SourceTitle "Ajedrez en Madrid"]
[Source "lmi"]
[SourceDate "2017.02.02"]

1. d4 d5 2. Nf3 Nf6 3. c4 c6 4. e3 Bg4 5. h3 Bxf3 6. Qxf3 e6 7. Nc3 Bb4 8. Bd2
Nbd7 9. Qd1 O-O 10. cxd5 exd5 11. Bd3 Qe7 12. O-O Rfe8 13. a3 Bxc3 14. Bxc3 Ne4
15. Bb4 Qg5 16. Bxe4 Rxe4 17. Bd6 Qh6 18. Bf4 g5 19. Qg4 Kh8 20. Qxg5 Qxg5 21.
Bxg5 Rg8 22. Bf4 Nf6 23. Be5 Rg6 24. Rae1 Kg8 25. Bxf6 Rxf6 26. b4 Re7 27. Rc1
a6 28. Rc2 Rc7 29. Rfc1 Kg7 30. a4 b5 31. axb5 axb5 32. Ra1 Re6 33. Rca2 Ree7
34. g3 Kg6 35. Kg2 f5 36. Ra3 h5 37. h4 f4 38. exf4 Re4 39. Rd3 Rce7 40. Rc1
R7e6 41. Kf3 Kf5 42. Re3 Rd6 43. Rd1 Rde6 44. Rdd3 Rg6 45. Rd1 Rge6 46. Rd2 Rg6
47. Ra3 Rf6 48. Ra8 Rf7 49. Rh8 Kg6 50. Rg8+ Kh7 51. Rc8 Rf6 52. Kg2 Rg6 53.
Kf3 Rf6 54. Ra8 Kg6 55. Ra1 Kf5 56. Rad1 Rg6 57. Re2 Rge6 58. Re3 Re7 59. Rde1
R7e6 60. Rxe4 dxe4+ 61. Kg2 Kg4 62. Rc1 Rd6 63. Rc5 Rd5 64. Rxc6 Rxd4 65. Rc5
1-0

[Event "Madrid ch 2016/2017 - Previa B"]
[Site "Madrid ESP"]
[Date "2017.02.25"]
[Round "9.10"]
[White "Moro Serrano, Federico"]
[Black "Dominguez Afonso, Ayraldo"]
[Result "0-1"]
[WhiteElo "1626"]
[BlackElo "1595"]
[PlyCount "168"]
[EventDate "2017.02.02"]
[EventType "swiss"]
[EventRounds "9"]
[EventCountry "ESP"]
[SourceTitle "Ajedrez en Madrid"]
[Source "lmi"]
[SourceDate "2017.02.02"]

1. d4 Nf6 2. c4 g6 3. Nc3 Bg7 4. e4 d6 5. Nf3 O-O 6. Be2 e5 7. d5 Nbd7 8. b4 a5
9. bxa5 Rxa5 10. O-O Nc5 11. Bg5 h6 12. Bxf6 Bxf6 13. Qd2 Bg7 14. Rfb1 f5 15.
Bd3 Ra3 16. Bc2 f4 17. Nb5 Rxf3 18. gxf3 Bh3 19. Kh1 Qg5 20. Rg1 Qh5 21. Qc3
Rf7 22. Bd1 Bf6 23. a4 Bh4 24. Ra2 Rg7 25. a5 Bd8 26. Be2 Qh4 27. Qe1 Qh5 28.
Ra3 g5 29. Bf1 Bc8 30. Rg2 g4 31. Be2 g3 32. fxg3 fxg3 33. f4 Qh4 34. Raxg3
Rxg3 35. Qxg3+ Qxg3 36. Rxg3+ Kh7 37. fxe5 dxe5 38. Nc3 Nb3 39. Bg4 Bxg4 40.
Rxg4 Nxa5 41. c5 Nb3 42. Na4 Be7 43. Kg2 h5 44. Rg3 Nd2 45. Re3 Bg5 46. Re2 Kg7
47. Nb2 Nb3 48. Nd3 Be7 49. Nxe5 Nxc5 50. Kf3 Bd6 51. Nc4 Be7 52. Kf4 b5 53.
Ne5 Bd6 54. Kf5 b4 55. Rg2+ Kf8 56. Rb2 Bxe5 57. Rxb4 Bxh2 58. Kf6 Nd7+ 59. Kg5
Bd6 60. Rb1 Kg7 61. Rg1 Nf6 62. Kf5+ Ng4 63. Kg5 Kf7 64. Kxh5 Nf6+ 65. Kh4 Nxe4
66. Rf1+ Kg6 67. Rg1+ Kf5 68. Rf1+ Ke5 69. Rd1 Nc3 70. Re1+ Kxd5 71. Kg5 c5 72.
Kf5 c4 73. Rc1 Kd4 74. Ke6 Bf4 75. Rc2 Kd3 76. Rf2 Ne2 77. Rf3+ Be3 78. Rf8
Nd4+ 79. Kd5 Nb3 80. Rc8 Nc5 81. Ra8 Nb3 82. Ra3 Bc1 83. Ra2 c3 84. Rh2 Be3 0-1

[Event "Madrid ch 2016/2017 - Previa B"]
[Site "Madrid ESP"]
[Date "2017.02.25"]
[Round "9.11"]
[White "Rodriguez Torres, Manuel"]
[Black "Osuna Osuna, Francisco"]
[Result "0-1"]
[WhiteElo "1588"]
[BlackElo "1588"]
[PlyCount "50"]
[EventDate "2017.02.02"]
[EventType "swiss"]
[EventRounds "9"]
[EventCountry "ESP"]
[SourceTitle "Ajedrez en Madrid"]
[Source "lmi"]
[SourceDate "2017.02.02"]

1. e4 d5 2. exd5 Qxd5 3. Nc3 Qa5 4. d4 Nf6 5. Nf3 Bf5 6. Bc4 e6 7. Bd2 Bb4 8.
Qe2 O-O 9. h3 c6 10. g4 Bxc2 11. O-O Bg6 12. a3 Bxc3 13. Bxc3 Qd8 14. Rad1 Nbd7
15. Ne5 Nxe5 16. dxe5 Nd5 17. f4 Nxc3 18. bxc3 Qh4 19. f5 exf5 20. gxf5 Bh5 21.
Qg2 Bxd1 22. Rxd1 Qxc4 23. Qd2 Qh4 24. Re1 h6 25. Re2 Qg5+ 0-1

[Event "Madrid ch 2016/2017 - Previa B"]
[Site "Madrid ESP"]
[Date "2017.02.25"]
[Round "9.14"]
[White "Cortijo Manso, Luis"]
[Black "Pareja Cerrato, Antonio"]
[Result "1-0"]
[WhiteElo "1518"]
[BlackElo "1509"]
[PlyCount "81"]
[EventDate "2017.02.02"]
[EventType "swiss"]
[EventRounds "9"]
[EventCountry "ESP"]
[SourceTitle "Ajedrez en Madrid"]
[Source "lmi"]
[SourceDate "2017.02.02"]

1. Nf3 d5 2. d4 e6 3. g3 c5 4. c4 Nc6 5. cxd5 exd5 6. dxc5 Bxc5 7. Bg2 Nf6 8.
O-O Qb6 9. Nc3 Qd8 10. a3 Be6 11. Bg5 d4 12. Na4 Qd5 13. Nxc5 Qxc5 14. Bxf6
gxf6 15. Rc1 Qd6 16. Qd2 Rd8 17. Ne1 Bd5 18. Bxd5 Qxd5 19. Nd3 Qg5 20. Qd1 O-O
21. Rc5 Rd5 22. h4 Qf5 23. Rxd5 Qxd5 24. Nf4 Qb5 25. Qd2 Re8 26. Rc1 Re5 27.
Nd3 Rf5 28. f3 Kg7 29. Kg2 Na5 30. Qb4 Qa6 31. Qxd4 Nb3 32. Qg4+ Rg5 33. hxg5
Nxc1 34. gxf6+ Kxf6 35. Qf4+ Kg7 36. Qxc1 Qe6 37. Qc3+ Kg8 38. Nf4 Qa6 39. Qe5
f6 40. Qe7 f5 41. Nh5 1-0

[Event "Madrid ch 2016/2017 - Previa B"]
[Site "Madrid ESP"]
[Date "2017.02.25"]
[Round "9.112"]
[White "Benitez Cadenas, Luis Miguel"]
[Black "Fernandez Estremera, Fernando"]
[Result "1/2-1/2"]
[WhiteElo "1572"]
[BlackElo "1793"]
[PlyCount "75"]
[EventDate "2017.02.02"]
[EventType "swiss"]
[EventRounds "9"]
[EventCountry "ESP"]
[SourceTitle "Ajedrez en Madrid"]
[Source "lmi"]
[SourceDate "2017.02.02"]

1. d4 Nf6 2. Nf3 e6 3. e3 b6 4. Bd3 Bb7 5. O-O Be7 6. Nbd2 O-O 7. b3 d6 8. Bb2
Nbd7 9. Qe2 c5 10. c4 Rc8 11. Rac1 Qc7 12. h3 Qb8 13. Rfd1 Qa8 14. Bb1 cxd4 15.
exd4 Rfd8 16. Re1 Bf8 17. Ba3 d5 18. Bxf8 Nxf8 19. Qd3 dxc4 20. bxc4 Rc7 21.
Qe2 Ba6 22. Bd3 Qc8 23. Nb3 Ne8 24. Rc2 Nd6 25. Rec1 Ng6 26. g3 Ne7 27. Kh2
Ndf5 28. c5 Bxd3 29. Qxd3 bxc5 30. Rxc5 Rxc5 31. Rxc5 Qb7 32. Rb5 Qc7 33. Rb4
Nc6 34. Rc4 Qd6 35. Qe4 Nb4 36. Qb7 Nxa2 37. Qxa7 Nb4 38. Qb7 1/2-1/2